CNC: la cámara de Chile. 152 años impulsando el comercio el progreso del país

Guardado en:
Detalles Bibliográficos
Autor Corporativo: Cámara Nacional de Comercio, Servicios y Turismo de Chile (Autor)
Formato: Libro
Lenguaje:español
Publicado: Santiago Cámara Nacional de Comercio, Servicios y Turismo de Chile 2010
Materias:
Etiquetas: Agregar Etiqueta
Sin Etiquetas, Sea el primero en etiquetar este registro!

MARC

LEADER 00000cam a2200000 a 4500
001 UCF0953
003 CL-VaPUC
008 120614e20100000CL |||||||||||||||||spa|d
082 0 4 |a 380.1  |b CAM  |2 21 
110 2 |a Cámara Nacional de Comercio, Servicios y Turismo de Chile  |e author  |9 562608 
245 1 0 |a CNC: la cámara de Chile. 152 años impulsando el comercio el progreso del país 
246 1 0 |a Memoria anual 2009-10 
300 |a 91 p 
942 |c BK 
945 |d 20120614 00:00:00  |a dcastane 
260 |a Santiago  |b Cámara Nacional de Comercio, Servicios y Turismo de Chile  |c 2010 
650 0 |a Desarrollo económico y social   |9 256320 
650 7 |a COOPERATIVAS DE CONSUMO  |2 CL-VaPUC  |9 562609 
650 7 |a COOPERATIVISMO  |2 CL-VaPUC  |9 311346 
650 7 |a ECONOMATOS  |2 CL-VaPUC  |9 562610 
650 7 |a CAMARAS DE COMERCIO  |2 CL-VaPUC  |9 562611 
583 |a last modification  |c 20130325 04:27:36  |k Rodrigo Vera 
999 |c 347985  |d 347983 
952 |0 0  |1 0  |4 0  |6 380_100000000000000_CAM_2010  |7 0  |8 A  |9 449818  |a BIBGIM  |b BIBGIM  |d 2019-11-22  |i 484582K  |o 380.1 CAM 2010  |p 484582K  |r 2025-01-15  |w 2019-11-22  |y BK  |k GIM